Financial derivatives: (Record no. 159653)
[ view plain ]
| 000 -LEADER | |
|---|---|
| fixed length control field | 00683nam a22002177a 4500 |
| 005 - DATE AND TIME OF LATEST TRANSACTION | |
| control field | 20250128121058.0 |
| 010 ## - LCCN (DPL NO) | |
| LC control number | ENG-124605 ENG-143649 |
| 020 ## - INTERNATIONAL STANDARD BOOK NUMBER | |
| International Standard Book Number | 9789352718757 |
| Terms of availability | 395.00 |
| 020 ## - INTERNATIONAL STANDARD BOOK NUMBER | |
| International Standard Book Number | 9789352718757 |
| Terms of availability | 495.00 |
| 035 ## - SYSTEM CONTROL NUMBER | |
| System control number | EN-108137 |
| 035 ## - SYSTEM CONTROL NUMBER | |
| System control number | EN-127181 |
| 037 ## - SOURCE OF ACQUISITION | |
| Source of stock number/acquisition | DBAD/PUB |
| 082 ## - DEWEY DECIMAL CLASSIFICATION NUMBER | |
| Classification number | 332.6457 |
| 100 ## - MAIN ENTRY--PERSONAL NAME | |
| Personal name | Yaragol, Prakash B |
| 245 ## - TITLE STATEMENT | |
| Title | Financial derivatives: |
| Statement of responsibility, etc | by Prakash B Yaragol |
| Remainder of title | text & cases/ |
| 260 ## - PUBLICATION, DISTRIBUTION, ETC. (IMPRINT) | |
| Place of publication, distribution, etc | New Delhi |
| Name of publisher, distributor, etc | Vikas Publishing House |
| Date of publication, distribution, etc | 2018 |
| 270 ## - ADDRESS | |
| Address | 7361, Ravindra Mansion, Ram Nagar, |
| City | New Delhi |
| Postal code | 110002 |
| 300 ## - PHYSICAL DESCRIPTION | |
| Extent | 487P. |
| Dimensions | 24cm.(pbk) |
| Other physical details | ill. |
| 500 ## - GENERAL NOTE | |
| General note | It includes index |
| 942 ## - ADDED ENTRY ELEMENTS (KOHA) | |
| Source of classification or shelving scheme | Dewey Decimal Classification |
| Item type | English Books |
| Call number suffix | YAR |
| Classification part | 332.6457 |
| Withdrawn status | Lost status | Not for loan | Collection code | Home library | Current library | Date acquired | Source of acquisition | Cost, normal purchase price | Full call number | Barcode | Copy number | Cost, replacement price | Koha item type |
|---|---|---|---|---|---|---|---|---|---|---|---|---|---|
| Not For Loan | Non-fiction | D.B.Act.Division | Bawana | 27/12/2018 | DBAD/PUB | 395.00 | 332.6457 YAR | EN-108137 | 1 | 395.00 | English Books | ||
| Non-fiction | Mobile Library | Mobile Library | 28/01/2025 | Delivery of Books Act Division | 495.00 | YAR 332.6457 | EN-127181 | 1 | 495.00 | English Books |
